000 00441nam a2200133Ia 4500
008 100328s9999 xx 000 0 und d
082 _b30359
100 _aगांधी मो. क.
245 _aसत्याग्रह-विचार (4)
260 _bगांाी वाङेमय
630 _aसत्याग्रह-विचार (4)
730 _aसत्याग्रह-विचार (4)
942 _cBOOK
999 _c521333
_d521330